Lecciones elementales de geometría aplicadas al dibujo lineal. Segundo grado. Solucionario

Gespeichert in:
Bibliographische Detailangaben
Format: keine Angabe
Sprache:Spanisch
Erschienen: Madrid Bruño 1974
Katalog:MANES:  Suchergebnis im Bibliothekskatalog
Schulbuchspezifische Eigenschaften:
Tags: Tag hinzufügen
Keine Tags, Fügen Sie den ersten Tag hinzu!
Hinzugefügt zu:26.04.2016

MARC

LEADER 000000000a22000000004500
001 00283
003 OSt
008 160427s sp ||||| |||| 00| 0 spa d
040 |c centro_manes 
041 1 |a spa 
691 7 |a FP  |a PRI 
245 0 0 |a Lecciones elementales de geometría aplicadas al dibujo lineal. Segundo grado. Solucionario 
260 3 |a Madrid  |b Bruño  |c 1974 
300 |a 91 p.  |c 20x13 cm 
500 |a La portada lleva tachada la edición y encima se ha puesto "8ª" a mano. Se indica, también a mano, que la edición es de 1980. Fecha de publicación tomada del Depósito Legal 
690 7 |a EA 
690 0 |a MATE 
942 |2 ddc  |c BK 
546 |a España 
999 |c 6257  |d 6257 
999 |c manes:6257  |d 6257